<?xml version="1.0" encoding="UTF-8"?>
<record
    xmlns:xsi="http://www.w3.org/2001/XMLSchema-instance"
    xsi:schemaLocation="http://www.loc.gov/MARC21/slim http://www.loc.gov/standards/marcxml/schema/MARC21slim.xsd"
    xmlns="http://www.loc.gov/MARC21/slim">

  <leader>01014nam a22001937a 4500</leader>
  <controlfield tag="005">20231102151910.0</controlfield>
  <controlfield tag="008">160217s    2010mx ||||| |||| 00| 0 spa d</controlfield>
  <datafield tag="020" ind1=" " ind2=" ">
    <subfield code="a">9789681824334</subfield>
  </datafield>
  <datafield tag="050" ind1="1" ind2="4">
    <subfield code="a">HF5549</subfield>
    <subfield code="b">H37</subfield>
  </datafield>
  <datafield tag="100" ind1=" " ind2=" ">
    <subfield code="a">French, Wendell L.</subfield>
    <subfield code="e"> autor</subfield>
    <subfield code="d">1923- </subfield>
    <subfield code="9">17715</subfield>
  </datafield>
  <datafield tag="245" ind1="0" ind2="0">
    <subfield code="a">Administraci&#xF3;n de recursos humanos</subfield>
    <subfield code="b"> : administraci&#xF3;n de personal desarrollo de recursos humanos</subfield>
    <subfield code="c"> / Wendell L. French</subfield>
  </datafield>
  <datafield tag="260" ind1="3" ind2=" ">
    <subfield code="a">M&#xE9;xico</subfield>
    <subfield code="b"> : CIENCIA Y TECNICA</subfield>
    <subfield code="c"> , 2010</subfield>
  </datafield>
  <datafield tag="300" ind1=" " ind2=" ">
    <subfield code="a">3-vols.; 656 p&#xE1;ginas.</subfield>
  </datafield>
  <datafield tag="500" ind1=" " ind2=" ">
    <subfield code="a">Educaci&#xF3;n Mixta 
Administraci&#xF3;n / Administraci&#xF3;n de recursos humanos / P04 / 09 001615, 09 001616, 09 001617</subfield>
  </datafield>
  <datafield tag="505" ind1=" " ind2=" ">
    <subfield code="a">Incluye: contenido, prefacio, ap&#xE9;ndice, &#xED;ndice de autores, &#xED;ndice materias.
(vols. I, II, III Conceptos de conducta interpersonal y casos)
(vols. IV, V, VI Administracion de personal desarrollo de recursos humanos)</subfield>
  </datafield>
  <datafield tag="650" ind1="1" ind2="4">
    <subfield code="a">ADMINISTRACION DE PERSONAL</subfield>
    <subfield code="9">1157</subfield>
  </datafield>
  <datafield tag="942" ind1=" " ind2=" ">
    <subfield code="c">LB</subfield>
    <subfield code="2">lcc</subfield>
  </datafield>
  <datafield tag="952" ind1=" " ind2=" ">
    <subfield code="0">0</subfield>
    <subfield code="1">0</subfield>
    <subfield code="2">lcc</subfield>
    <subfield code="4">0</subfield>
    <subfield code="7">0</subfield>
    <subfield code="a">09</subfield>
    <subfield code="b">09</subfield>
    <subfield code="d">2016-02-17</subfield>
    <subfield code="l">0</subfield>
    <subfield code="o">HF5549 H37</subfield>
    <subfield code="p">09 001615</subfield>
    <subfield code="r">2016-02-17</subfield>
    <subfield code="t">1</subfield>
    <subfield code="w">2016-02-17</subfield>
    <subfield code="y">LB</subfield>
  </datafield>
  <datafield tag="952" ind1=" " ind2=" ">
    <subfield code="0">0</subfield>
    <subfield code="1">0</subfield>
    <subfield code="2">lcc</subfield>
    <subfield code="4">0</subfield>
    <subfield code="7">0</subfield>
    <subfield code="a">09</subfield>
    <subfield code="b">09</subfield>
    <subfield code="d">2016-02-17</subfield>
    <subfield code="l">0</subfield>
    <subfield code="o">HF5549 H37</subfield>
    <subfield code="p">09 001616</subfield>
    <subfield code="r">2016-02-17</subfield>
    <subfield code="t">1</subfield>
    <subfield code="w">2016-02-17</subfield>
    <subfield code="y">LB</subfield>
  </datafield>
  <datafield tag="952" ind1=" " ind2=" ">
    <subfield code="0">0</subfield>
    <subfield code="1">0</subfield>
    <subfield code="2">lcc</subfield>
    <subfield code="4">0</subfield>
    <subfield code="7">0</subfield>
    <subfield code="a">09</subfield>
    <subfield code="b">09</subfield>
    <subfield code="d">2016-02-17</subfield>
    <subfield code="l">0</subfield>
    <subfield code="o">HF5549 H37</subfield>
    <subfield code="p">09 001617</subfield>
    <subfield code="r">2016-02-17</subfield>
    <subfield code="t">1</subfield>
    <subfield code="w">2016-02-17</subfield>
    <subfield code="y">LB</subfield>
  </datafield>
  <datafield tag="999" ind1=" " ind2=" ">
    <subfield code="c">98899</subfield>
    <subfield code="d">98899</subfield>
  </datafield>
</record>
